| 000 | 00668nam a22002057a 4500 | ||
|---|---|---|---|
| 001 | 75775 | ||
| 003 | BD-RjUL | ||
| 005 | 20211209082738.0 | ||
| 008 | 190702s2006 bg ||||| |||| 00| 0 ben d | ||
| 035 | _a(BD-RjUL)75994 | ||
| 040 |
_aBD-RjUL _beng _cBD-RjUL |
||
| 041 | _aeng | ||
| 082 |
_222 _a891.444 _bHUK 2006 |
||
| 100 |
_aহুসাইন, মামুন _9232163 |
||
| 245 |
_aকথা ইশারা / _cমামুন হুসাইন |
||
| 260 |
_aঢাকা : _bজাতীয় গ্রন্থ প্রকাশ, _c২০০৬ |
||
| 300 |
_a১৮৭ পৃ. ; _c২২ সেমি. |
||
| 650 |
_aBengali essays _9232164 |
||
| 942 |
_2ddc _cBK |
||
| 999 |
_c75775 _d75775 |
||